<?xml version="1.0" encoding="UTF-8"?>
<record
    xmlns:xsi="http://www.w3.org/2001/XMLSchema-instance"
    xsi:schemaLocation="http://www.loc.gov/MARC21/slim http://www.loc.gov/standards/marcxml/schema/MARC21slim.xsd"
    xmlns="http://www.loc.gov/MARC21/slim">

  <leader>00476nam a22001697a 4500</leader>
  <controlfield tag="005">20241203163202.0</controlfield>
  <controlfield tag="008">230829b        |||||||| |||| 00| 0 eng d</controlfield>
  <datafield tag="020" ind1=" " ind2=" ">
    <subfield code="a">978-93-81390-29-0</subfield>
  </datafield>
  <datafield tag="041" ind1=" " ind2=" ">
    <subfield code="a">Eng</subfield>
  </datafield>
  <datafield tag="082" ind1=" " ind2=" ">
    <subfield code="a">OG 610.7367 NEE DB1155</subfield>
  </datafield>
  <datafield tag="100" ind1=" " ind2=" ">
    <subfield code="a">Neelam Kumari</subfield>
  </datafield>
  <datafield tag="245" ind1=" " ind2=" ">
    <subfield code="a">Textbook of Midwifery and Gynecological Nursing 6th Semester</subfield>
  </datafield>
  <datafield tag="260" ind1=" " ind2=" ">
    <subfield code="b">S.Vikas and Company (Medical Publisher)</subfield>
    <subfield code="c">2024</subfield>
    <subfield code="a">Jalandhar</subfield>
  </datafield>
  <datafield tag="300" ind1=" " ind2=" ">
    <subfield code="a">826p</subfield>
  </datafield>
  <datafield tag="365" ind1=" " ind2=" ">
    <subfield code="b">1599.00</subfield>
  </datafield>
  <datafield tag="942" ind1=" " ind2=" ">
    <subfield code="c">DB</subfield>
  </datafield>
  <datafield tag="999" ind1=" " ind2=" ">
    <subfield code="c">355974</subfield>
    <subfield code="d">355974</subfield>
  </datafield>
  <datafield tag="952" ind1=" " ind2=" ">
    <subfield code="0">0</subfield>
    <subfield code="1">0</subfield>
    <subfield code="2">ddc</subfield>
    <subfield code="4">0</subfield>
    <subfield code="7">0</subfield>
    <subfield code="a">BTIN</subfield>
    <subfield code="b">BTIN</subfield>
    <subfield code="d">2023-08-29</subfield>
    <subfield code="g">1599.00</subfield>
    <subfield code="i">65</subfield>
    <subfield code="l">19</subfield>
    <subfield code="m">11</subfield>
    <subfield code="o">OG 610.7367 NEE DB1155</subfield>
    <subfield code="p">BTIN-DB-1155</subfield>
    <subfield code="r">2025-12-15 10:06:38</subfield>
    <subfield code="s">2025-12-08</subfield>
    <subfield code="w">2023-08-29</subfield>
    <subfield code="y">DB</subfield>
    <subfield code="z">DB1155</subfield>
  </datafield>
  <datafield tag="952" ind1=" " ind2=" ">
    <subfield code="0">0</subfield>
    <subfield code="1">0</subfield>
    <subfield code="2">ddc</subfield>
    <subfield code="4">0</subfield>
    <subfield code="7">0</subfield>
    <subfield code="a">BTIN</subfield>
    <subfield code="b">BTIN</subfield>
    <subfield code="d">2023-10-19</subfield>
    <subfield code="g">1599.00</subfield>
    <subfield code="i">67</subfield>
    <subfield code="l">19</subfield>
    <subfield code="m">13</subfield>
    <subfield code="o">OG 610.7367 NEE DB1211</subfield>
    <subfield code="p">BTIN-DB-1211</subfield>
    <subfield code="r">2025-11-18 17:25:19</subfield>
    <subfield code="s">2025-10-28</subfield>
    <subfield code="w">2023-10-20</subfield>
    <subfield code="y">DB</subfield>
    <subfield code="z">DB1211</subfield>
  </datafield>
  <datafield tag="952" ind1=" " ind2=" ">
    <subfield code="0">0</subfield>
    <subfield code="1">0</subfield>
    <subfield code="2">ddc</subfield>
    <subfield code="4">0</subfield>
    <subfield code="7">0</subfield>
    <subfield code="a">BTIN</subfield>
    <subfield code="b">BTIN</subfield>
    <subfield code="d">2023-10-19</subfield>
    <subfield code="g">1599.00</subfield>
    <subfield code="i">67</subfield>
    <subfield code="l">19</subfield>
    <subfield code="m">6</subfield>
    <subfield code="o">OG 610.7367 NEE DB1212</subfield>
    <subfield code="p">BTIN-DB-1212</subfield>
    <subfield code="r">2025-12-15 13:20:27</subfield>
    <subfield code="s">2025-11-24</subfield>
    <subfield code="w">2023-10-20</subfield>
    <subfield code="y">DB</subfield>
    <subfield code="z">DB1212</subfield>
  </datafield>
  <datafield tag="952" ind1=" " ind2=" ">
    <subfield code="0">0</subfield>
    <subfield code="1">0</subfield>
    <subfield code="2">ddc</subfield>
    <subfield code="4">0</subfield>
    <subfield code="7">0</subfield>
    <subfield code="a">SNCN</subfield>
    <subfield code="b">SNCN</subfield>
    <subfield code="d">2024-11-29</subfield>
    <subfield code="e">MS.Karishma Dhok</subfield>
    <subfield code="g">599.00</subfield>
    <subfield code="i">IK#2024-25#00264</subfield>
    <subfield code="l">3</subfield>
    <subfield code="m">1</subfield>
    <subfield code="o">OG 610.7367 NEE DB1155</subfield>
    <subfield code="p">SNCN-DB-250</subfield>
    <subfield code="r">2025-12-19 17:05:49</subfield>
    <subfield code="s">2025-12-05</subfield>
    <subfield code="v">599.00</subfield>
    <subfield code="w">2024-12-07</subfield>
    <subfield code="y">DB</subfield>
  </datafield>
</record>
